|
|
|
|
| LEADER |
02646nam a2200745 i 4500 |
| 001 |
nkc20203244166 |
| 003 |
CZ PrNK |
| 005 |
20250217163526.0 |
| 007 |
ta |
| 008 |
200831s2020 xr ac e 000 0dcze |
| 015 |
|
|
|a cnb003244166
|
| 020 |
|
|
|a 978-80-7601-309-4
|q (vázáno)
|
| 035 |
|
|
|a (OCoLC)1226361146
|
| 040 |
|
|
|a OLA001
|b cze
|d ABA001
|e rda
|
| 043 |
|
|
|a e-xr---
|
| 045 |
|
|
|a x-y-
|
| 072 |
|
7 |
|a 27-4
|x Praktická teologie. Morální teologie
|2 Konspekt
|9 5
|
| 080 |
|
|
|a 272-722.53
|2 MRF
|
| 080 |
|
|
|a 930-051
|2 MRF
|
| 080 |
|
|
|a 93/94
|2 MRF
|
| 080 |
|
|
|a 930.1
|2 MRF
|
| 080 |
|
|
|a 27-46
|2 MRF
|
| 080 |
|
|
|a 27-4
|2 MRF
|
| 080 |
|
|
|a 27-662:3
|2 MRF
|
| 080 |
|
|
|a 322
|2 MRF
|
| 080 |
|
|
|a (437.3)
|2 MRF
|
| 080 |
|
|
|a (047.53)
|2 MRF
|
| 080 |
|
|
|a (0:82-4)
|2 MRF
|
| 100 |
1 |
|
|a Petráček, Tomáš,
|d 1972-
|7 mzk2003187523
|4 aut
|
| 245 |
1 |
0 |
|a Naděje v dějinách /
|c Martin Bedřich, Tomáš Petráček
|
| 250 |
|
|
|a Vydání první
|
| 264 |
|
1 |
|a V Praze :
|b Vyšehrad,
|c 2020
|
| 300 |
|
|
|a 189 stran :
|b ilustrace, portréty ;
|c 21 cm
|
| 336 |
|
|
|a text
|b txt
|2 rdacontent
|
| 337 |
|
|
|a bez média
|b n
|2 rdamedia
|
| 338 |
|
|
|a svazek
|b nc
|2 rdacarrier
|
| 600 |
1 |
7 |
|a Petráček, Tomáš,
|d 1972-
|7 mzk2003187523
|2 czenas
|
| 648 |
|
7 |
|a 20.-21. století
|7 ch462155
|2 czenas
|
| 650 |
0 |
7 |
|a katoličtí kněží
|7 ph114899
|z Česko
|y 20.-21. století
|2 czenas
|
| 650 |
0 |
7 |
|a historici
|7 ph114665
|z Česko
|y 20.-21. století
|2 czenas
|
| 650 |
0 |
7 |
|a dějiny
|7 ph114390
|2 czenas
|
| 650 |
0 |
7 |
|a dějinnost
|7 ph135520
|2 czenas
|
| 650 |
0 |
7 |
|a pastorace
|7 ph123988
|2 czenas
|
| 650 |
0 |
7 |
|a křesťanský život
|7 ph122132
|2 czenas
|
| 650 |
0 |
7 |
|a křesťanství a společnost
|7 ph138510
|y 20.-21. století
|2 czenas
|
| 650 |
0 |
7 |
|a stát a církev
|7 ph116308
|y 20.-21. století
|2 czenas
|
| 650 |
0 |
9 |
|a Catholic priests
|z Czechia
|y 20th-21st centuries
|2 eczenas
|
| 650 |
0 |
9 |
|a historians
|z Czechia
|y 20th-21st centuries
|2 eczenas
|
| 650 |
0 |
9 |
|a history
|2 eczenas
|
| 650 |
0 |
9 |
|a historicity
|2 eczenas
|
| 650 |
0 |
9 |
|a pastoral care
|2 eczenas
|
| 650 |
0 |
9 |
|a Christian life
|2 eczenas
|
| 650 |
0 |
9 |
|a Christianity and civilization
|y 20th-21st centuries
|2 eczenas
|
| 650 |
0 |
9 |
|a church and state
|y 20th-21st centuries
|2 eczenas
|
| 655 |
|
7 |
|a rozhovory
|7 fd133303
|2 czenas
|
| 655 |
|
7 |
|a úvahy
|7 fd134000
|2 czenas
|
| 655 |
|
9 |
|a interviews
|2 eczenas
|
| 655 |
|
9 |
|a essays
|2 eczenas
|
| 700 |
1 |
|
|a Bedřich, Martin,
|d 1982-
|7 mzk2004252194
|4 aut
|
| 910 |
2 |
|
|a BOA001
|b 2-1454.743
|
| 928 |
9 |
|
|a Albatros Media - Vyšehrad
|
| 990 |
|
|
|a BK
|
| 995 |
|
|
|a 01
|
| 991 |
|
|
|b 202010
|c NOV
|
| 996 |
6 |
|
|b 2610840998
|c 2-1454.743
|l MZK
|r Sklad / do 1 hodiny
|n 4
|p p.v.
|w 001830107
|u 000020
|a 1
|e BOA001
|j MZK50
|s P
|